| 000 | 00680nam a2200193 i 4500 | ||
|---|---|---|---|
| 001 | 184958 | ||
| 003 | ES-MaACL | ||
| 005 | 20240412101730.0 | ||
| 008 | 160229s1916 mx |||| | spa d | ||
| 080 | _a821.134.2(72)-14"18/19"(082.2) | ||
| 245 | 0 | 0 |
_aPoetas nuevos de México _b: antología con noticias biográficas, críticas y bibliográficas / _cGenaro Estrada. |
| 260 |
_aMéxico : _b[José Ballescá] : _bPorrua, _c1916. |
||
| 300 |
_aXIII, 338 p. ; _c21 cm. |
||
| 650 | 7 |
_aPoesía mexicana- _yS. XIX _2 _9146731 |
|
| 650 | 4 |
_aPoesía mexicana- _yS.XX _916236 |
|
| 700 | 0 |
_aEstrada, Genaro. _948196 |
|
| 852 |
_aES-MaACL _jG-730 |
||
| 999 |
_c184958 _d184958 |
||